000
00343nam a2200133 a 4500
005
20140412111325.0
008
110128s19uu xx 00 eng d
020
_a
0-19-272117-8
050
_a
M 598
_b
W674 1992
100
_a
Wildsmith, Brian
245
_a
Birds /
_c
Brian Wildsmith.
260
_a
Hong Kong :
_b
Oxford,
_c
1992.
999
_c
104577
_d
104577